El estrellado establo: infinito e improvisación en el Siglo de Oro.
Salvato in:
| Autore principale: | |
|---|---|
| Natura: | Sconosciuto |
| Lingua: | inglese |
| Pubblicazione: |
Madrid, España:
Cátedra,
2019.
|
| Edizione: | 1a.edición. |
| Soggetti: | |
| Tags: |
Aggiungi Tag
Nessun Tag, puoi essere il primo ad aggiungerne!!
|
MARC
| LEADER | 00000 a2200000 4500 | ||
|---|---|---|---|
| 003 | CL-VaPUC | ||
| 005 | 20230818100843.0 | ||
| 008 | 230808t2019 ||||| |||| 00| 0 eng d | ||
| 999 | |c 441507 |d 441505 | ||
| 020 | |a 978-84-376-4031-0 | ||
| 040 | |c Pontificia Universidad Católica de Valparaíso | ||
| 082 | |2 22 |a 860.3 GON 2019 | ||
| 100 | |a González Echeverría, Roberto |9 884036 |e autor | ||
| 245 | |a El estrellado establo: infinito e improvisación en el Siglo de Oro. | ||
| 250 | |a 1a.edición. | ||
| 260 | |a Madrid, España: |b Cátedra, |c 2019. | ||
| 300 | |a 270 páginas. | ||
| 583 | |k Cristina María Rojas Aguilar |c 20230808 | ||
| 650 | 0 | |9 306261 |a Literatura española |v Crítica e interpretación |x Cosmologia |y Siglos 16 y 17 | |
| 942 | |2 ddc |c BK | ||
| 952 | |0 0 |1 0 |2 ddc |4 0 |6 860_300000000000000_GON_2019 |7 0 |8 A |9 591165 |a BIBEDU |b BIBEDU |c GEN |d 2023-08-08 |e 3 |g 20555.00 |i 5658341 |l 1 |m 1 |o 860.3 GON 2019 |p 5658341 |r 2023-10-23 |s 2023-08-25 |t 1 |v 20555.00 |w 2023-08-08 |y BK |k LIT | ||